000 01223nam a2200265Ia 4500
003 Ost
005 20260507075047.0
008 260507s9999||||xx |||||||||||||| ||und||
020 _a9957112082
040 _cfsecg
041 _aara
082 _a600
100 _aالمناعسة، أسامة أحمد
_eمؤلف
245 0 _aجرائم الحاسب الآلي والإنترنت :
_bدراسة تحليلية مقارنة /
_c أسامة أحمد المناعسة
260 _aعمان:
_bدار وائل للنشر,
_c2001
300 _a308 صفحة؛
_bإيضاحات ؛
_c24 سم
504 _aببليوغرافيا: ص.303
520 _aالمدلول العام لجرائم الحاسب الآلي والإنترنت-الجرائم الواقعة على الحاسب الآلي-الجرائم المرتكبة بواسطة الحاسب الآلي-أصول التحقيق الفني في بيئة الحاسب الآلي
653 _aالجرائم
653 _aالحاسبات الإلكترونية
653 _aالحواسيب
700 _aالزعبي، جلال محمد
_eمؤلف ثانوي
700 _aالهواوشة، صايل فاضل
_eمؤلف ثانوي
942 _cكتاب
999 _c42588
_d42588